000 00460nam a2200181Ia 4500
001 16105
005 20260306170245.0
008 260306t2007||||xx |||||||||||||| ||und||
041 _aESP
082 _a346.6
_bS71
100 _aSoto Coaguila, Carlos Alberto [Dir]
_eAUT
245 0 _aTratado de la interpretación del contrato en América Latina
260 _c2007
300 _a
_c24 cm.
650 _aGEN
654 _aCDE
942 _cLIB
_dJUS
_fJUS
_2ddc
_n
999 _c16105
_d16105